| 000 | 01109cam a2200349 i 4500 | ||
|---|---|---|---|
| 001 | 0000517 | ||
| 003 | DO-SdBNP | ||
| 005 | 20171211120254.0 | ||
| 007 | 0000517 | ||
| 008 | 100514s2005 ck | g||| 000 f fpspa | ||
| 015 | _a | ||
| 017 |
_a _b |
||
| 020 | _a9587042662 | ||
| 035 | _a | ||
| 040 |
_aBPMSU _bspa _cBPMSU _e |
||
| 080 | _a | ||
| 082 |
_aPe864.44 _bV297te |
||
| 100 | 1 |
_aVargas Llosa, Mario, _d1936- |
|
| 245 | 1 | 3 |
_aLa tentación de lo imposible: _bVictor Hugo y Los miserables / _h _cMario Vargas Llosa |
| 260 |
_aColombia : _bAlfaguara, _c2005. |
||
| 300 |
_a223 p.: _c23 cm |
||
| 500 | _aIncluye datos biográficos del autor en la solapa. | ||
| 500 | _aLa biblioteca posee la primera reimpresión de julio del 2005. | ||
| 586 | _aPremio Nobel de literatura 2010. | ||
| 600 |
_aHUGO, VICTOR, _d1802-1885 _tLOS MISERABLES _xCRÍTICA E INTERPRETACIÓN |
||
| 650 | _aENSAYOS PERUANOS | ||
| 650 | _aLITERATURA PERUANA | ||
| 650 |
_aLITERATURA FRANCESA _xHISTORIA Y CRÍTICA |
||
| 942 |
_2ddc _cBK |
||
| 945 | _aInventariado extranjero / 2017 VM | ||
| 956 |
_aYLOCKWARD _810 _cBPMSU |
||
| 999 |
_c10807 _d10807 |
||